Responses for Show #7810 - Friday, July 20, 2018

Ryan Fenster game 8.

Contestants

[<< previous game]

Dave Mattingly, a director of technology from Old Forge, Pennsylvania

Emily Moore, a consultant from Atlanta, Georgia

Ryan Fenster, a banker from SeaTac, Washington (whose 7-day cash winnings total $156,497)

[next game >>]

Jeopardy! Round responses

HISTORY IN EUROPE
GET ME REWRITE!
HANDWEAR
MUSIC OF 20 YEARS AGO
DEAD IN SHAKESPEARE
AFTER NOON
(Alex: Each correct response will begin with "N-O" and come up in the dictionary after "noon".)
    $200 1
Isabel and Ferdinand

Emily
    $200 2
under God

Emily
    $200 3
a gauntlet

Dave
    $200 23
"My Heart Will Go On"

Emily
    $200 16
Ophelia

Dave
    $200 30
nope

Dave
    $400 12
the Magna Carta

Dave
    $400 4
Canada

Dave
    $400 8
(Dave: What is the Golden Glove?)
(Alex: You are right.)
(Dave: $600--)
(Alex: No, sorry. Sorry, incorrect.)
...
(Alex: It's not the Golden Glove; that's boxing. It is [*] in Major League Baseball.)

the Gold Glove

Dave
Triple Stumper
    $400 28
Cher

Dave
    $400 17
Julius Caesar

Emily
    $400 29
(Emily: What is cross-country?)

Nordic

EmilyDave
    $600 13
Austria and Hungary

Emily
    $600 5
revenge

Ryan
    $600 9
kid

Dave
    $600 27
Lauryn Hill

Dave
    $600 20
Richard III

Dave
    $600 18
a norm

Emily
    $800 14
the Battle of the Bulge

Ryan
    $800 6
Into the Woods

Ryan
    $800 10
a muff

Ryan
    $800 26
"Torn"

Dave
    $800 21
(Emily: Who is Macduff?)

Banquo

RyanEmily
    $800 19
NORAD

Dave
    $4,000 15
(Ryan: What is the First Republic?)

the Reign of Terror

Ryan
    $1000 7
Britannica

Dave
    $1000 11
jai alai

Ryan
    $1000 25
(Ryan: What's 90 minutes?)

"One Week"

RyanDave
    $1000 22
King Lear

Ryan
    $1000 24
nopales

Emily

Scores at the first commercial break (after clue 15):

Ryan Emily Dave
$0 $1,000 $2,200

Scores at the end of the Jeopardy! Round:

Ryan Emily Dave
$800 $2,000 $7,200

Double Jeopardy! Round responses

RIVERS
COLORFUL ORIGINS
"C" YOU IN THE FUNNY PAPERS
LANGUAGE
ECO-READER
FAMOUS JEWISH AMERICANS
    $400 6
the Gulf of Mexico

Emily
    $400 1
white

Ryan
    $400 11
Charlie Brown

Emily
    $400 16
Indo-European

Dave
    $400 26
a woolly mammoth

Dave
    $400 21
Nuremberg

Dave
    $800 7
the Potomac

Dave
    $800 2
(Ryan: What is verdigris?)

chlorine

RyanDave
    $800 12
Claire

Dave
    $800 17
Czech

Dave
    $800 27
desert

Dave
    $800 22
Miss America

Ryan
    $1200 8
a toucan

Ryan
    $1200 3
(Dave: What is Robert the Bruce?)

Rob Roy

RyanDave
    $1200 13
Calvin

Emily
    $3,000 18
German

Dave
    $1200 28
wolves

Ryan
    $1200 23
Einstein

Dave
    $2,800 9
Shanghai

Ryan
    $1600 4
(Emily: What is heather?)

mauve

Emily
Triple Stumper
    $1600 14
Cathy

Dave
    $1600 19
a cedilla

Dave
    $1600 30
(Ryan: What's the Trans-Appalachian Trail? What's [*]?)
(Alex: [Overlapping as Ryan gives the second response] No.)
...
(Alex: As you discovered earlier this week, Ryan, you cannot change your response after we have ruled against you.)

the Appalachian Trail

RyanEmily
    $1600 24
(Emma) Lazarus

Dave
    $2000 10
(Ryan: What's the Ebro?)

the Tagus River

Ryan
Triple Stumper
    $2000 5
Magenta

Triple Stumper
    $2000 15
Crankshaft

Ryan
    $2000 20
(Dave: [Pronouncing the "G"] What is [*]? ... [*]?)
(Alex: [*]. You make the "G" silent.)

Erdoğan

Dave
    $2000 29
Born Free

Dave
    $2000 25
(Louis) Brandeis

Dave

Scores at the end of the Double Jeopardy! Round:

Ryan Emily Dave
$6,000 $4,000 $26,200
(lock game)

[wagering suggestions for these scores]

Final Jeopardy! Round responses

FUTURISTIC FICTION
(Alex: [To Emily] And you selected Aldous Huxley's [*].)
EmilyWhat is Brave New World?
$3,998
RyanWhat is Brave New World
$6,000
DaveWhat is Atlas Shrugged?
$0
Brave New World

Final scores:

Ryan Emily Dave
$12,000 $7,998 $26,200
2nd place: $2,000 3rd place: $1,000 New champion: $26,200

Game dynamics:

Coryat scores:

Ryan Emily Dave
$8,800 $4,000 $24,400
14 R
(including 1 DD),
5 W
(including 1 DD)
11 R,
3 W
30 R
(including 1 DD),
2 W

Combined Coryat: $37,200

[game clues] [game scores] [suggest correction]

Game tape date: 2018-04-03
The J! Archive is created by fans, for fans. Scraping, republication, monetization, and malicious use prohibited; this site may use cookies and collect identifying information. See terms. The Jeopardy! game show and all elements thereof, including but not limited to copyright and trademark thereto, are the property of Jeopardy Productions, Inc. and are protected under law. This website is not affiliated with, sponsored by, or operated by Jeopardy Productions, Inc. Join the discussion at JBoard.tv.